000
00246nam a2200109Ia 4500
008
190216s9999||||xx |||||||||||||| ||und||
100
_a
Vaikam Muhammed Basheer
245
0
_a
Heming Way
260
_b
Dc Books
650
_a
Oormakurip
942
_c
BK
999
_c
26166
_d
26166